000
003310000a22001450004500
003
MACL
040
_a
MACL
090
_c
33521
_d
33519
100
_a
Kakani, Dr S.L.
245
_a
Problems on Quantum Mechanics
260
_b
Arihant Publishing House
_c
2001
350
_a
600
650
_a
Quantum Mechanics
942
_c
BOOK
_k
530/kak
999
_c
33170
_d
33170